000 00666nam a2200241Ia 4500
003 OSt
005 20220918202148.0
006 a|||||r|||| 00| 0
007 ta
008 220917b |||||||| |||| 00| 0 eng d
024 _a99,222
037 _cTextual
040 _aARTS
_cARTS
_beng
041 _2eng
_aeng
082 _aV2:19.N82-N66, M4
100 _aMansingh S
_9102518
245 0 _aIndia's search for power
_b Indira Gandhi's foreign policy 1966-1982
260 _aNew Delhi
_bSage Pub
_c1984
300 _axv, 405p.
_ccm.
650 _aHISTORY
942 _hV2:19.N82-N66, M4
_cTEXL
_2CC
999 _c222798
_d222798